00913cam a2200229 a 450000100100000000500170001000800410002704000300006808200160009810000340011424501410014826000470028930000380033650000190037460000330039365000400042670000380046691000330050404900090053795201200054699900170066600001917820200929165937.0850124s1965 maua 001 0beng d aDO-SdBNPcICUdDLCdBNPHU annnnbC196l1 aCampion, Nardi Reeder,94128010aLook to this day! :bthe lively education of a great woman doctor: Connie Guion, M.D. /cNardi Reeder Campion, Rosamond Wilfley Stanton. aBoston ;aToronto :bLittle, Brown,c1965. axii,[1- 308] p. :bill. ;c21 cm. aIncludes index10aGuion, Connie,d1882-941281 0aWomen physiciansxBiography.9412821 aStanton, Rosamond Wilfley,941283 aCatalogación derivada / LC aBNGR 001054708MOaGRbGRcCTd2010-05-27iLF1l0onnnn C196lp19178-10r2020-06-25w2020-06-25y4ZPréstamo en sala c18696d18696